000
00292nam a2200133Ia 4500
008
191201s2009 xx 000 0 und d
100
_a
GHOSH, P.K
245
0
_a
Industrial Marketing
250
_a
IMP
260
_a
N.Delhi
_b
Oxford
_c
2009
300
_a
568
650
_a
MBA
942
_2
ddc
_c
BK
999
_c
4766
_d
4766